[Event "Olympiad-42"]
[Site "Baku"]
[Date "2016.09.10"]
[Round "8.1"]
[White "Mohamed, Hassan"]
[Black "Al Ghamdi, Ahmed M"]
[Result "0-1"]
[WhiteElo "1855"]
[BlackElo "2192"]
[PlyCount "108"]
[EventDate "2016.09.02"]
[EventType "team-swiss"]
[EventRounds "11"]
[EventCountry "AZE"]
[SourceTitle "CBM 175"]
[Source "ChessBase"]
[SourceDate "2016.11.10"]
[SourceVersion "1"]
[SourceVersionDate "2016.11.10"]
[SourceQuality "1"]
[WhiteTeam "Maldives"]
[BlackTeam "Saudi Arabia"]
[WhiteTeamCountry "MDV"]
[BlackTeamCountry "SAU"]

1. e4 c5 2. Nc3 e6 3. Nf3 Nc6 4. d4 cxd4 5. Nxd4 Bb4 6. Be2 Nf6 7. Nxc6 bxc6 8. 0-0 e5 9. Bg5 0-0 10. a3 Be7 11. f4 exf4 12. Kh1 Nxe4 13. Nxe4 Bxg5 14. Bd3 d5 15. Nxg5 Qxg5 16. Qd2 Bf5 17. Bxf5 Qxf5 18. Rxf4 Qe5 19. c3 Rab8 20. Raf1 Rb7 21. b4 Re7 22. R4f3 Re6 23. Qf2 Qc7 24. h3 Qe7 25. Qg3 h6 26. Qf2 Re2 27. Qd4 Qg5 28. Rg1 Qe7 29. Rgf1 Qg5 30. Rg1 Qe7 31. Rgf1 Re1 32. Rxe1 Qxe1+ 33. Kh2 Qe7 34. Re3 Qc7+ 35. Kh1 a5 36. Qc5 axb4 37. cxb4 Rd8 38. b5 d4 39. Rd3 Qf4 40. Rf3 Qd6 41. Qxc6 Qe7 42. Qc4 Qd7 43. Rd3 Qd6 44. Qc1 Re8 45. Qd2 Re4 46. a4 Qe5 47. Kg1 Re2 48. Qa5 Re1+ 49. Qxe1 Qxe1+ 50. Kh2 Qe2 51. Rb3 d3 52. b6 d2 53. b7 Qe5+ 54. g3 Qe2+ 0-1

[Event "Olympiad-42"]
[Site "Baku"]
[Date "2016.09.05"]
[Round "4.1"]
[White "Kawuma, Patrick"]
[Black "Mohamed, Hassan"]
[Result "1-0"]
[WhiteElo "2261"]
[BlackElo "1855"]
[PlyCount "125"]
[EventDate "2016.09.02"]
[EventType "team-swiss"]
[EventRounds "11"]
[EventCountry "AZE"]
[SourceTitle "CBM 175"]
[Source "ChessBase"]
[SourceDate "2016.11.10"]
[SourceVersion "1"]
[SourceVersionDate "2016.11.10"]
[SourceQuality "1"]
[WhiteTeam "Uganda"]
[BlackTeam "Maldives"]
[WhiteTeamCountry "UGA"]
[BlackTeamCountry "MDV"]

1. c4 Nf6 2. Nc3 e5 3. Nf3 Nc6 4. d4 exd4 5. Nxd4 Bb4 6. Bg5 0-0 7. e3 Bxc3+ 8. bxc3 Qe7 9. Be2 d6 10. Rb1 Ne5 11. h3 h6 12. Bf4 a6 13. 0-0 c5 14. Nf3 Ne4 15. Qc2 Bf5 16. Bxe5 Ng3 17. Bd3 Bxd3 18. Qxd3 dxe5 19. fxg3 e4 20. Qd5 exf3 21. Rxf3 Rab8 22. Qf5 Rbd8 23. Rb2 Rd6 24. Kh2 Re6 25. Qb1 Rb8 26. Rb6 Rxb6 27. Qxb6 Rc8 28. Rf5 Rc6 29. Qa7 Qc7 30. e4 Qc8 31. Rd5 g6 32. e5 Kg7 33. Rd6 h5 34. Rxc6 Qxc6 35. Qb8 Qd7 36. a3 a5 37. h4 a4 38. Qa7 Qc6 39. Qa5 b6 40. Qa7 g5 41. Qe7 gxh4 42. Qxh4 Qg6 43. Qf4 Kf8 44. Kh3 Ke7 45. Kh4 Ke6 46. Qf6+ Qxf6+ 47. exf6 Kxf6 48. Kxh5 Kf5 49. g4+ Kf4 50. Kh4 Ke5 51. Kg5 Ke6 52. Kh6 Kf6 53. g5+ Ke6 54. g6 fxg6 55. Kxg6 Ke5 56. g4 Ke4 57. Kf6 Kd3 58. g5 Kxc4 59. g6 Kxc3 60. g7 Kb3 61. g8Q+ Kxa3 62. Qc4 Kb2 63. Qxa4 1-0

[Event "Incheon op 4th"]
[Site "Incheon"]
[Date "2013.07.02"]
[Round "4"]
[White "Li, Hui"]
[Black "Mohamed, Hassan"]
[Result "1-0"]
[WhiteElo "1947"]
[BlackElo "1851"]
[PlyCount "111"]
[EventDate "2013.06.30"]
[EventType "swiss"]
[EventRounds "7"]
[EventCountry "KOR"]
[SourceTitle "CBM 155 Extra"]
[Source "ChessBase"]
[SourceDate "2013.08.26"]
[SourceVersion "1"]
[SourceVersionDate "2013.08.26"]
[SourceQuality "1"]

1. e4 c6 2. d4 d5 3. Nd2 dxe4 4. Nxe4 Nf6 5. Nxf6+ exf6 6. Bc4 Be7 7. Ne2 0-0 8. 0-0 Re8 9. Ng3 b5 10. Bd3 g6 11. c3 Nd7 12. a4 b4 13. c4 a5 14. Be4 Qc7 15. Bf3 Nf8 16. Be3 Ba6 17. b3 Bb7 18. Qc2 f5 19. Ne2 Ne6 20. g3 Rad8 21. Rad1 Bf6 22. Qc1 Qd6 23. d5 cxd5 24. cxd5 Nc7 25. Bc5 Qd7 26. Bb6 Rc8 27. Qd2 Ba6 28. Rfe1 Rb8 29. Bxa5 Qd6 30. Rc1 Rxe2 31. Bxe2 Bc3 32. Rxc3 bxc3 33. Bxc3 Bxe2 34. Qxe2 f6 35. Qc4 Kf7 36. Qc6 Qxc6 37. dxc6 Rxb3 38. Ba5 Nd5 39. c7 Nxc7 40. Bxc7 Ra3 41. a5 g5 42. Kg2 h5 43. Re3 Ra2 44. Bb6 Kg6 45. Re8 g4 46. Rg8+ Kf7 47. Rh8 Kg6 48. h4 gxh3+ 49. Kxh3 f4 50. gxf4 Kf5 51. Rxh5+ Kxf4 52. Kg2 Kg4 53. Rh8 f5 54. Rg8+ Kf4 55. Ra8 Rb2 56. Be3+ 1-0